| 000 | 00643nam a2200217 a 4500 | ||
|---|---|---|---|
| 001 | BRCA_7619 | ||
| 005 | 20190320205920.0 | ||
| 008 | 090713s1949----enka######---#000-0#eng-# | ||
| 041 | _aeng | ||
| 044 | _aenk | ||
| 050 | 4 |
_aND541 _b.F74 1949 |
|
| 245 | 1 | 0 |
_aFrench paintings _cVictoria and Albert Museum. |
| 260 |
_aLondres _bH. M. Stationery Office _c1949 |
||
| 300 |
_a1 v. (sin paginación) _bil., 32 láminas _c24 cm. |
||
| 500 | _aT24 | ||
| 650 | 1 | 4 |
_aPintura francesa _vExposiciones _911707 |
| 650 | 1 | 4 |
_aGalerías y museos _zInglaterra _918793 |
| 710 | 2 |
_aVictoria and Albert Museum (Londres) _918794 |
|
| 902 | _aGFM | ||
| 942 |
_2lcc _cB |
||
| 999 |
_c7293 _d7293 |
||